الأدب في الدين / (Record no. 14141)
[ view plain ]
| 000 -LEADER | |
|---|---|
| fixed length control field | 00692nam a22001577a 4500 |
| 008 - FIXED-LENGTH DATA ELEMENTS--GENERAL INFORMATION | |
| fixed length control field | 100621t xxu||||| |||| 00| 0 eng d |
| 020 ## - INTERNATIONAL STANDARD BOOK NUMBER | |
| International Standard Book Number | 977080082 |
| 082 ## - DEWEY DECIMAL CLASSIFICATION NUMBER | |
| Edition number | 22 |
| Classification number | 212 |
| Item number | غ ز ا |
| 100 ## - MAIN ENTRY--PERSONAL NAME | |
| 9 (RLIN) | 334 |
| Personal name | الغزالي، أبو حامد محمد بن محمد |
| 245 ## - TITLE STATEMENT | |
| Title | الأدب في الدين / |
| Statement of responsibility, etc | أبي حامد الغزالي ؛ تحقيق ودراسة عبد المجيد دياب ؛ المشرف على التحرير جمال الغيطاني |
| 260 ## - PUBLICATION, DISTRIBUTION, ETC. (IMPRINT) | |
| Place of publication, distribution, etc | القاهرة : |
| Name of publisher, distributor, etc | مؤسسة أخبار اليوم ، 1990 |
| Date of publication, distribution, etc | 1990 |
| 300 ## - PHYSICAL DESCRIPTION | |
| Extent | 165 ص ؛ |
| Dimensions | 19 سم |
| 500 ## - GENERAL NOTE | |
| General note | إهداء: علاء عبد الغني |
| 650 ## - SUBJECT ADDED ENTRY--TOPICAL TERM | |
| 9 (RLIN) | 14970 |
| Topical term or geographic name as entry element | الآداب الإسلامية |
| 942 ## - ADDED ENTRY ELEMENTS (KOHA) | |
| Source of classification or shelving scheme | Dewey Decimal Classification |
| Item type | Book - Borrowing |
| Withdrawn status | Item status | Source of classification or shelving scheme | Damaged status | Not for loan | Vendor | Home library | Current library | Shelving location | Date acquired | Source of acquisition | Total Checkouts | Total Renewals | Full call number | Barcode | Date last seen | Date last borrowed | Koha item type |
|---|---|---|---|---|---|---|---|---|---|---|---|---|---|---|---|---|---|
| Dewey Decimal Classification | Central Library | Central Library | Lower Floor | 21/06/2010 | Donation | 2 | 7 | 212 الغ | 000021068 | 06/01/2026 | 02/12/2025 | Book - Borrowing |